000 00690cab a2200193 4500
001 ##L132823
008 060310n2006 000 0 eng u
035 _a(Sirsi) u132823
041 0 _aeng
100 1 _aThane, David
245 0 0 _aFocus 1
_bMIPIM
260 _c2006
490 0 _aEstates Gazette
_v(0609) 4 March 2006, 109-131(12)
520 _aReports on the star attractions of MIPIM (Marche International des Professionnels d'Immobilier) 2006 and announces the eight winners of the MIPIM architectural awards 2006. Previews CABE's own design review of tall buildings ahead of publication.
650 2 4 _aMIPIM
690 _aPROPERTY
700 1 _aMeadwell, Stacey
942 _n0
999 _c76648
_d76648